Score 0/25 Timer 08:00
3 Plays Today
% Correct
Frozen
95.9%
Dead Poets Society
82.8%
300
82.4%
The Breakfast Club
76.7%
Clueless
71.3%
Sleeping Beauty
71.2%
A Few Good Men
69.1%
The Blind Side
68.6%
Sherlock Holmes
64.9%
Con Air
59.8%
The Hateful Eight
55.1%
Argo
50.5%
Neighbors
46.6%
% Correct
The Departed
45.2%
Ender's Game
39.4%
Adventureland
39.3%
Limitless
39.2%
Little Women
37.2%
From Dusk Till Dawn
34.9%
The French Connection
26%
The Walk
25.9%
Girl, Interrupted
22.9%
Big Eyes
20.2%
Edge of Tomorrow
19.8%
The Fault in Our Stars
18.1%
Remove Ads.
Support Sporcle.
Get the best of Sporcle when you Go Orange. This ad-free experience offers more features, more stats, and more fun while also helping to support Sporcle. Thank you for becoming a member.

You're not logged in!

Compare scores with friends on all Sporcle quizzes.
OR
Log In

Show Comments

Extras

Top Quizzes Today


Score Distribution

Your Account Isn't Verified!

In order to create a playlist on Sporcle, you need to verify the email address you used during registration. Go to your Sporcle Settings to finish the process.

Report this User

Report this user for behavior that violates our Community Guidelines.

Details: